Electroquímica : Part II Part II
Descripción Física:
103 p. ; 23 cm
Colección:
Text núm. 31, 32, 33
Otros Autores:
Catalunya. Extensió d'Ensenyament Tècnic
Materias:
Electroquímica
MARC
| LEADER | 00000nam a2200000Ia 4500 | ||
|---|---|---|---|
| 001 | 10943 | ||
| 008 | 160829s9999 xx 000 0 cat d | ||
| 080 | |a C-1-477 | ||
| 245 | |a Electroquímica : |b Part II | ||
| 260 | |a Barcelona : |b Mancomunitat de Catalunya, Extensió d' Ensenyament Tècnic, [s.a.] | ||
| 300 | |a 103 p. ; |c 23 cm | ||
| 490 | |a Text núm. 31, 32, 33 | ||
| 650 | |a Electroquímica |9 37108 | ||
| 700 | |a Catalunya. Extensió d'Ensenyament Tècnic |9 20004 | ||
| 710 | 2 | |a Catalunya. |b Mancomunitat |9 53015 | |
| 901 | |a Arxiu | ||
| 942 | |n 1 | ||
| 952 | |0 0 |1 0 |4 0 |6 C1477 |7 1 |9 55076 |a Arxiu |b Arxiu |d 2016-12-01 |l 0 |o C-1-477 |p 10943 |r 2016-12-01 00:00:00 |w 2016-12-01 |y ARXIU | ||
| 999 | |c 58948 |d 58948 | ||